000 00692nam a22002057a 4500
001 86483
003 BD-RjUL
005 20260514145526.0
008 260514s1931 pk ||||| |||| 00| 0 urd d
035 _a(BD-RjUL)86483
040 _aBD-RjUL
_beng
_cBD-RjUL
041 _aurd
082 _223
_a297.09
_bHAA 1931
100 _a البصری، امام ابوالحسن علی ;; Al-Basri, Imam Abul-Hasan Ali
_918493
245 1 3 _aalhakam alsaltaniya ;; الاحکام السلطانیہ /
_cامام ابوالحسن علی البصری ;; Imam Abul Hasan Ali Al-Basri
264 _aHydarabad :
_bmatba usmaniah,
_c1931
300 _a403 p. ;
_c23 cm
650 _ahistory
942 _2ddc
_cBK
999 _c86483
_d86483